Holiday Quiz

Random Holiday or Company Quiz

Companies by Gift Card Quiz Stats

 Plays Quiz Updated Dec 15, 2015

Also try: Un-evolved Logos
Challenge
Share
Tweet
Score 0/20 Timer 03:00
0 Plays Today
% Correct
Amazon
96.8%
Burger King
96.7%
Starbucks
95.5%
Subway
95.4%
Best Buy
94.2%
Dunkin' Donuts
94.1%
Macy's
93.6%
Applebee's
92.8%
Wendy's
92.8%
iTunes
91.7%
% Correct
Target
91.1%
Old Navy
91.1%
Lowe's
90.1%
Home Depot
88.4%
Sears
87.7%
Red Lobster
87.2%
Dick's Sporting Goods
83.7%
Chili's
83.2%
Disney
76.6%
Taco Bell
31.8%

You're not logged in!

Compare scores with friends on all Sporcle quizzes.
OR
Log In

You Might Also Like...

Show Comments

Extras

Top Quizzes Today


Score Distribution

Your Account Isn't Verified!

In order to create a playlist on Sporcle, you need to verify the email address you used during registration. Go to your Sporcle Settings to finish the process.

Report this User

Report this user for behavior that violates our Community Guidelines.

Details: